000 00467nam a2200181Ia 4500
001 7631
005 20260306160509.0
008 260306t2002||||xx |||||||||||||| ||spa||
041 _aESP
082 _a352.53
_bD71
100 _aDiaz Pelaez, L. Mario
_eAUT
245 0 _aJurisprudencia sobre contrataciones y adquisiciones del estado texto impreso
260 _c2002
300 _a289 páginas :
_c
650 _aGEN
654 _aCAN
942 _cLIB
_dJUS
_fJUS
_2ddc
_n
999 _c7631
_d7631